| 000 | 00365nam a2200145Ia 4500 | ||
|---|---|---|---|
| 005 | 20251222143139.0 | ||
| 008 | 251222s9999||||xx |||||||||||||| ||spa|| | ||
| 020 | _a84-7827-158-9 | ||
| 082 | _a370.733/M84/2000/Ej,2 | ||
| 100 | _aMonereo Font, Carles | ||
| 245 | 0 | _aEstrategias de EnseƱanza y Aprendizaje: | |
| 250 | _a8a.ed. | ||
| 264 | _bGraó | ||
| 942 | _cLIB | ||
| 999 |
_c12242 _d12242 |
||